书目信息 |
| 书名: | Lecture notes on electron correlation and magnetism | |
| 作者: | Patrik Fazekas. | |
| 分册号: | ||
| 分册名: | 出版地: |
|
| 出版社: | ||
| 出版时间: | ||
| 页数: | xvi, 777 pages : | |
| 开本: | 23 cm. | |
| 丛书名: | ||
| 中图分类号: | ||
| 科图分类号: | ||
| 其他分类号: | O481.1 | |
| 主题词: | ||
| 电子资源: | ||
| 000 | 01206cam 2200337 i 450 | |
| 001 | CAL 022015023917 | |
| 003 | CAL | |
| 005 | 20150706085137.5 | |
| 008 | 150428r20141999cc a b 001 0 eng d | |
| 020 | @a9787510078644@cCNY129.00 | |
| 040 | @aDUTL@beng@erda@cDUTL@dJLU | |
| 093 | @aO481.1@25 | |
| 093 | @aTN604@25 | |
| 099 | @aO481.1/F287@dO481.1 | |
| 100 | 1 | @aFazekas, Patrik,@eauthor. |
| 245 | 10 | @aLecture notes on electron correlation and magnetism /@cPatrik Fazekas. |
| 246 | 14 | @a电子关联和磁性 |
| 264 | 1 | @a北京 :@b世界图书出版公司,@c2014. |
| 300 | @axvi, 777 pages :@billustrations ;@c23 cm. | |
| 336 | @atext@btxt@2rdacontent | |
| 337 | @aunmediated@bn@2rdamedia | |
| 338 | @avolume@bnc@2rdacarrier | |
| 490 | 0 | @aSeries in modern condensed matter physics ;@vvolume 5 |
| 490 | 0 | @a物理学经典(影印版) |
| 504 | @aIncludes bibliographical references (pages 747-772) and index. | |
| 534 | @pReprint. Originally published:@cSingapore : World Scientific, 1999.@z9810224745. | |
| 650 | 0 | @aMagnetism, Band theory of. |
| 650 | 0 | @aElectron configuration. |
| 650 | 0 | @aElectron-electron interactions. |
| 650 | 0 | @aMetal-insulator transitions. |
| 905 | @a河南城建学院图书馆@dO481.1@eF287 | |
| Lecture notes on electron correlation and magnetism / / Patrik Fazekas. |
| xvi, 777 pages : : illustrations ; ; 23 cm.- (Series in modern condensed matter physics ; volume 5).- (物理学经典(影印版)) |
| Includes bibliographical references (pages 747-772) and index. |
| ISBN 9787510078644CNY129.00 |
| ● |
| 相关链接 |
|
|
|
正题名:Lecture notes on electron correlation an
索取号:O481.1
 
预约/预借
| 序号 | 登录号 | 条形码 | 馆藏地/架位号 | 状态 | 备注 |
| 1 | 15716 | 300157167 | 自科库401/401自科库 59排2列5层/ [索取号:O481.1/] | 在馆 |